Bataille de population : Pays - Mort Subite #1 - Statistiques

Statistiques générales
  • Ce quiz a été pris 48 051 fois
  • Le résultat moyen est 4 sur 10
Answers on the Grid
Answers color-coded by a green-red scale on the quiz's grid according to % correct below.
Pays-Bas
France
Espagne
Inde
Lituanie
Rwanda
Danemark
Slovaquie
Belgique
Canada
États-Unis
Mexique
Turquie
Japon
Australie
Côte d'Ivoire
Togo
Burundi
Monténégro
Macédoine du Nord
Salvador
Népal
Grèce
Zimbabwe
Suède
Madagascar
Chili
Suisse
Gabon
Finlande
 
Statistiques - réponses
Réponse % Correct
66,7 M France
95%
1470,3 M Inde
95%
348,2 M États-Unis
62%
112,8 M Japon
48%
11,8 M Belgique
38%
33,1 M Côte d'Ivoire
37%
6,4 M Salvador
15%
33,1 M Madagascar
8%
29,6 M Népal
7%
9 M Suisse
5%
Aucun quiz correspondant
Distribution des résultats
% des personnes avec chaque résultat
Percentile par nombre de réponses
Votre historique - résultats
Vous n’avez pas pris ce quiz